000 00427nam a2200133Ia 4500
008 231129s9999||||xx |||||||||||||| ||spa||
020 _a84-7232-361-7
040 _bspa
082 _aE864 C744a
100 _aConcejo Pilar
245 0 _aAntonio de Guevara un ensayista del siglo XVI
264 _aEdiciones Cultura Hispanica del Instituto de Cooperación Iberoamericana
942 _2ddc
_cBKS
999 _c5340
_d5340